Environmental engineering (Record no. 5357)

000 -LEADER
fixed length control field 00678nam a2200241 4500
001 - CONTROL NUMBER
control field 5357
003 - CONTROL NUMBER IDENTIFIER
control field BD-DhUET
008 - FIXED-LENGTH DATA ELEMENTS--GENERAL INFORMATION
fixed length control field 141126b xxu||||| |||| 00| 0 eng d
020 ## - INTERNATIONAL STANDARD BOOK NUMBER
International Standard Book Number 0071002316
040 ## - CATALOGING SOURCE
Transcribing agency 0
Modifying agency BD-DhUET
082 ## - DEWEY DECIMAL CLASSIFICATION NUMBER
Classification number 628
Item number PEA/1985
100 ## - MAIN ENTRY--PERSONAL NAME
Personal name Peavy, Howard S
245 ## - TITLE STATEMENT
Title Environmental engineering
250 ## - EDITION STATEMENT
Edition statement 1st ed.
260 ## - PUBLICATION, DISTRIBUTION, ETC. (IMPRINT)
Place of publication, distribution, etc. New york
Name of publisher, distributor, etc. McGraw-Hill
Date of publication, distribution, etc. 1985
300 ## - PHYSICAL DESCRIPTION
Extent xiv,699 p.+various paging
Other physical details ill.
490 ## - SERIES STATEMENT
Series statement McGraw-Hill series in water resources and environmental engineering
504 ## - BIBLIOGRAPHY, ETC. NOTE
Bibliography, etc Includes bibliographies
650 #0 - SUBJECT ADDED ENTRY--TOPICAL TERM
Topical term or geographic name as entry element Environmental engineering
700 ## - ADDED ENTRY--PERSONAL NAME
Personal name Rowe, Donald R.
700 ## - ADDED ENTRY--PERSONAL NAME
Personal name Tchobanoglous, George
942 ## - ADDED ENTRY ELEMENTS (KOHA)
Koha item type General Book
Holdings
Not for loan Source of classification or shelving scheme Sublocation or collection (holding branch) Koha item type Date acquired Price effective from Location (home branch) Shelving location Damaged status Koha date last borrowed Withdrawn status Koha full call number Koha issues (times borrowed) Piece designation (barcode) Lost status Copy number Koha date last seen Koha renewals Koha normalized classification for sorting
  Central Library, BUETGeneral Book2014-11-262014-11-26Central Library, BUETCirculation section 2023-12-10 628/PEA/1985981896 12024-09-08 628PEA1985
  Central Library, BUETGeneral Book2014-11-262014-11-26Central Library, BUETCirculation section 2024-03-16 628/PEA/19851081895 22024-06-02 628PEA1985
  Central Library, BUETReading Item2015-06-182015-06-18Central Library, BUETReading section   628/PEA/1985 88788 32015-06-18 628_000000000000000_PEA_1985
  Central Library, BUETReading Item2015-06-182015-06-18Central Library, BUETReading section   628/PEA/1985 87579 42015-06-18 628_000000000000000_PEA_1985
  Central Library, BUETGeneral Book1991-10-282017-10-31Central Library, BUETCirculation section 2020-03-16 628/PEA/1985281894 52021-11-13 628_000000000000000_PEA_1985
  Central Library, BUETRental Item1991-10-282024-12-01Central Library, BUETRental section   628 PEA/1985 81847 ক-৫১2024-12-01 628_000000000000000_PEA_1985
  Central Library, BUETRental Item1991-10-282024-12-01Central Library, BUETRental section   628 PEA/1985 81874 ক-৭৮2024-12-01 628_000000000000000_PEA_1985
  Central Library, BUETRental Item1991-10-282024-12-01Central Library, BUETRental section   628 PEA/1985 81875 ক-৭৯2024-12-01 628_000000000000000_PEA_1985
  Central Library, BUETRental Item1991-10-282024-12-01Central Library, BUETRental section   628 PEA/1985 81876 ক-৮০2024-12-01 628_000000000000000_PEA_1985
  Central Library, BUETRental Item1991-10-282024-12-01Central Library, BUETRental section   628 PEA/1985 81877 ক-৮১2024-12-01 628_000000000000000_PEA_1985
  Central Library, BUETRental Item1991-10-282024-12-01Central Library, BUETRental section   628 PEA/1985 81878 ক-৮২2024-12-01 628_000000000000000_PEA_1985
  Central Library, BUETRental Item1991-10-282024-12-01Central Library, BUETRental section   628 PEA/1985 81879 ক-৮৩2024-12-01 628_000000000000000_PEA_1985
  Central Library, BUETRental Item1991-10-282024-12-01Central Library, BUETRental section   628 PEA/1985 81880 ক-৮৪2024-12-01 628_000000000000000_PEA_1985
  Central Library, BUETRental Item1991-10-282024-12-01Central Library, BUETRental section   628 PEA/1985 81881 ক-৮৫2024-12-01 628_000000000000000_PEA_1985
  Central Library, BUETRental Item1991-10-282024-12-01Central Library, BUETRental section   628 PEA/1985 81882 ক-৮৬2024-12-01 628_000000000000000_PEA_1985
  Central Library, BUETRental Item1991-10-282024-12-01Central Library, BUETRental section   628 PEA/1985 81883 ক-৮৭2024-12-01 628_000000000000000_PEA_1985
  Central Library, BUETRental Item1991-10-282024-12-01Central Library, BUETRental section   628 PEA/1985 81884 ক-৮৭2024-12-01 628_000000000000000_PEA_1985